000 00407nam a2200157Ia 4500
008 221030s9999 xx 000 0 und d
020 _a8188458163
041 _aEnglish
082 _a105.23
100 _aD. S. Kumar
245 0 _aEngineering Mechanics : Statics & Dynamics
_cby D. S. Kumar
260 _bS. K. Kataria & Sons
_aNew Delhi
_c2012
300 _a723
650 _aBB Mechanics
942 _cBK
999 _c10175
_d10175